[Event "TCh-ISR 2018"]
[Site "Israel ISR"]
[Date "2018.01.05"]
[Round "1.1"]
[Board "2"]
[White "Oratovsky, Michael"]
[Black "Smirin, Ilia"]
[Result "1/2-1/2"]
[WhiteTitle "GM"]
[BlackTitle "GM"]
[WhiteElo "2445"]
[BlackElo "2613"]
[WhiteTeam "Elizur Dov Petah Tikva"]
[BlackTeam "Ashdod Elite Club"]
[WhiteFideId "2802090"]
[BlackFideId "2801990"]
[EventDate "2018.01.05"]

1. e4 c5 2. Nf3 Nc6 3. Bb5 e6 4. O-O Nge7 5. d4 cxd4 6. Nxd4 Ng6 7. Be3 a6 8.
Be2 Qc7 9. c4 Bd6 10. g3 Be7 11. Nc3 Nxd4 12. Qxd4 O-O 13. Rac1 d6 14. Rfd1 Rb8
15. Qb6 Qc6 16. b4 Ne5 17. b5 axb5 18. cxb5 Qe8 19. Qa7 Bd7 1/2-1/2

[Event "TCh-ISR 2018"]
[Site "Israel ISR"]
[Date "2018.01.05"]
[Round "1.1"]
[Board "3"]
[White "Sutovsky, Emil"]
[Black "Deutsch, Eyal"]
[Result "1/2-1/2"]
[WhiteTitle "GM"]
[BlackTitle "IM"]
[WhiteElo "2673"]
[BlackElo "2350"]
[WhiteTeam "Ashdod Elite Club"]
[BlackTeam "Elizur Dov Petah Tikva"]
[WhiteFideId "2802007"]
[BlackFideId "2803917"]
[EventDate "2018.01.05"]

1. e4 e5 2. Nf3 Nc6 3. Bb5 Nf6 4. O-O Nxe4 5. d4 Nd6 6. Bxc6 dxc6 7. dxe5 Nf5 8.
Qxd8+ Kxd8 9. h3 Ne7 10. Nc3 Ke8 11. Nd4 Nf5 12. Nf3 Ne7 13. Nd4 Nf5 14. Nde2
Nh4 15. Bg5 Ng6 16. Rad1 Bd7 17. Nd4 h6 18. Be3 Bb4 19. f4 Bxc3 20. bxc3 c5 21.
Nf3 b6 22. g4 Bc6 23. Rde1 h5 24. f5 hxg4 25. Ng5 Nh4 26. f6 gxf6 27. exf6 Kf8
28. Bf4 Ng6 29. Bxc7 gxh3 30. Kh2 Rh5 31. Rf5 Re8 32. Bd6+ Kg8 33. Rxe8+ Bxe8
34. Nxf7 Rxf5 35. Nh6+ Kh7 36. Nxf5 Bd7 37. Ng3 Kg8 38. Bb8 Kf7 39. Bxa7 Kxf6
40. Bxb6 c4 41. Nf1 Ke5 42. Ne3 Kf4 43. Nxc4 Be6 44. Bc7+ Kg4 45. Nd2 Bxa2 46.
c4 Nh4 47. Nf1 Nf3+ 48. Kh1 Kf5 1/2-1/2

[Event "TCh-ISR 2018"]
[Site "Israel ISR"]
[Date "2018.01.05"]
[Round "1.1"]
[Board "4"]
[White "Mesropov, Konstantin"]
[Black "Golod, Vitali"]
[Result "1-0"]
[WhiteTitle "IM"]
[BlackTitle "GM"]
[WhiteElo "2427"]
[BlackElo "2539"]
[WhiteTeam "Elizur Dov Petah Tikva"]
[BlackTeam "Ashdod Elite Club"]
[WhiteFideId "4116887"]
[BlackFideId "2804140"]
[EventDate "2018.01.05"]

1. d4 Nf6 2. Bf4 e6 3. Nf3 c5 4. e3 d5 5. c3 Nc6 6. Nbd2 Bd6 7. Bg3 O-O 8. Bb5
Ne7 9. Bd3 Ng6 10. Bxd6 Qxd6 11. Bxg6 hxg6 12. Ne5 b5 13. Nb3 Ne4 14. f3 c4 15.
fxe4 cxb3 16. axb3 Bd7 17. O-O Be8 18. Qg4 a5 19. exd5 exd5 20. e4 Ra6 21. Rae1
dxe4 22. Qxe4 a4 23. bxa4 bxa4 24. Re3 Qe7 25. c4 f6 26. Nd3 Qxe4 27. Rxe4 Rb6
28. d5 g5 29. Rd4 Bg6 30. Nc5 Rxb2 31. Nxa4 Ra2 32. Nc3 Rc2 33. Rf3 Rc1+ 34. Kf2
Rc2+ 35. Kg1 Rc1+ 36. Rd1 Rc2 37. h3 Bh5 38. g4 Bf7 39. c5 Rb8 40. c6 Be8 41. c7
Ra8 42. Rb1 Rc8 43. d6 Rd2 44. Rb8 Bd7 45. Re3 Kf8 46. Re7 1-0

[Event "TCh-ISR 2018"]
[Site "Israel ISR"]
[Date "2018.01.05"]
[Round "1.1"]
[Board "5"]
[White "Kogan, Arthur"]
[Black "Arlinsky, Uriel"]
[Result "1-0"]
[WhiteTitle "GM"]
[BlackTitle "FM"]
[WhiteElo "2544"]
[BlackElo "2330"]
[WhiteTeam "Ashdod Elite Club"]
[BlackTeam "Elizur Dov Petah Tikva"]
[WhiteFideId "2800802"]
[BlackFideId "2809575"]
[EventDate "2018.01.05"]

1. e4 e5 2. Nf3 Nc6 3. Bc4 Be7 4. d4 d6 5. O-O Nf6 6. d5 Nb8 7. Bd3 O-O 8. c4 a5
9. Nc3 Na6 10. h3 Bd7 11. Be3 Ne8 12. c5 Nxc5 13. Bxc5 dxc5 14. Nxe5 Bf6 15. Nf3
Bxc3 16. bxc3 c6 17. c4 f6 18. Qb1 Qc7 19. e5 fxe5 20. Bxh7+ Kh8 21. Nh4 Rf6 22.
Be4 Nd6 23. Ng6+ Rxg6 24. Bxg6 cxd5 25. Qd1 Ne8 26. Qh5+ Kg8 27. Bf7+ Kf8 28.
Bxd5 1-0

[Event "TCh-ISR 2018"]
[Site "Israel ISR"]
[Date "2018.01.05"]
[Round "1.1"]
[Board "6"]
[White "Grinshpun, Eduard"]
[Black "Bar, Roman"]
[Result "0-1"]
[WhiteTitle "IM"]
[BlackTitle "IM"]
[WhiteElo "2360"]
[BlackElo "2485"]
[WhiteTeam "Elizur Dov Petah Tikva"]
[BlackTeam "Ashdod Elite Club"]
[WhiteFideId "4167554"]
[BlackFideId "2803879"]
[EventDate "2018.01.05"]

1. Nf3 Nf6 2. b3 c5 3. Bb2 b6 4. e3 Bb7 5. d4 e6 6. Bd3 Be7 7. O-O cxd4 8. exd4
O-O 9. Nbd2 d6 10. c4 Nbd7 11. Re1 Re8 12. Nf1 Bf8 13. Ng3 g6 14. Ng5 d5 15. Nf3
Bg7 16. Qe2 dxc4 17. bxc4 Qc7 18. Rac1 Rac8 19. Ne4 Nxe4 20. Bxe4 Red8 21. Bxb7
Qxb7 22. Rc3 Nb8 23. Rd1 Nc6 24. Ra3 Na5 25. Rc1 Nc6 26. Rd1 Qc7 27. h4 Na5 28.
c5 bxc5 29. Bc3 Nb7 30. h5 cxd4 31. Bd2 Qc5 32. Rb3 Na5 33. hxg6 hxg6 34. Rd3
Nc4 35. Bf4 e5 36. Bg5 Re8 37. Qe4 Nb2 38. Rc1 Qxc1+ 39. Bxc1 Rxc1+ 40. Kh2 Nxd3
41. Qxd3 e4 42. Qb5 Rcc8 43. Ng5 Re7 44. f3 e3 45. Ne4 Be5+ 46. Kh3 Kg7 47. g3
f5 48. Ng5 Bxg3 0-1

[Event "TCh-ISR 2018"]
[Site "Israel ISR"]
[Date "2018.01.05"]
[Round "1.2"]
[Board "1"]
[White "Baron, Tal"]
[Black "Psakhis, Lev"]
[Result "1/2-1/2"]
[WhiteTitle "GM"]
[BlackTitle "GM"]
[WhiteElo "2548"]
[BlackElo "2475"]
[WhiteTeam "Rishon Letzion Feldklein"]
[BlackTeam "Tsafrir Rehovot"]
[WhiteFideId "2809958"]
[BlackFideId "2800012"]
[EventDate "2018.01.05"]

1. d4 e6 2. c4 Nf6 3. Nc3 Bb4 4. g3 c5 5. Nf3 cxd4 6. Nxd4 O-O 7. Bg2 d5 8. cxd5
Nxd5 9. Qb3 Qb6 10. e4 Nxc3 11. bxc3 Ba5 12. Bd2 Nc6 13. Qxb6 Bxb6 14. Nxc6 bxc6
15. O-O e5 16. Rfb1 Be6 1/2-1/2

[Event "TCh-ISR 2018"]
[Site "Israel ISR"]
[Date "2018.01.05"]
[Round "1.2"]
[Board "2"]
[White "Kuzubov, Yuriy"]
[Black "Alterman, Boris"]
[Result "1-0"]
[WhiteTitle "GM"]
[BlackTitle "GM"]
[WhiteElo "2691"]
[BlackElo "2603"]
[WhiteTeam "Tsafrir Rehovot"]
[BlackTeam "Rishon Letzion Feldklein"]
[WhiteFideId "14112906"]
[BlackFideId "2801906"]
[EventDate "2018.01.05"]

1. d4 d5 2. c4 c6 3. e3 Nf6 4. Bd3 e5 5. dxe5 dxc4 6. exf6 cxd3 7. fxg7 Bxg7 8.
Nf3 O-O 9. O-O c5 10. Nbd2 Be6 11. Ne4 Qd5 12. Ng3 c4 13. e4 Qb5 14. Ng5 Nc6 15.
Nh5 Nd4 16. Nxg7 Ne2+ 17. Kh1 Kxg7 18. Qd2 Rfe8 19. f4 f6 20. f5 Bd7 21. Nxh7
Nxc1 22. Rf4 Rg8 23. Rh4 Qe5 24. Rxc1 b5 25. Rh6 Rh8 26. Rg6+ Kf7 27. Rxf6+ Ke8
28. Rh6 Kd8 29. Ng5 Rf8 30. Ne6+ Bxe6 31. Rxe6 Qc7 32. Qh6 Qc5 33. Rc6 Qe7 34.
f6 Qf7 35. Qf4 Rh8 36. Rd6+ Ke8 37. e5 Qh5 38. e6 Qh6 39. f7+ Ke7 40. Rd7+ 1-0

[Event "TCh-ISR 2018"]
[Site "Israel ISR"]
[Date "2018.01.05"]
[Round "1.2"]
[Board "3"]
[White "Zanan, Evgeny"]
[Black "Gorodetzky, David"]
[Result "1/2-1/2"]
[WhiteTitle "IM"]
[BlackTitle "FM"]
[WhiteElo "2482"]
[BlackElo "2411"]
[WhiteTeam "Rishon Letzion Feldklein"]
[BlackTeam "Tsafrir Rehovot"]
[WhiteFideId "24101940"]
[BlackFideId "2813416"]
[EventDate "2018.01.05"]

1. d4 Nf6 2. c4 e6 3. Nc3 Bb4 4. f3 O-O 5. a3 Bxc3+ 6. bxc3 Ne8 7. e4 Nc6 8. Bd3
b6 9. f4 f5 10. e5 Ba6 11. Nf3 Na5 12. Qe2 d5 13. exd6 Nxd6 14. O-O Qe8 15. Ne5
Qa4 16. Rb1 Rac8 17. Rb4 Qe8 18. Be3 c5 19. dxc5 bxc5 20. Rbb1 Nf7 21. Bf2 Nxe5
22. Qxe5 Qc6 23. Rfe1 Rfe8 24. Qe2 Qa4 25. Red1 Rc7 26. Qe5 Qc6 27. Rb5 Bb7 28.
Bf1 Nxc4 29. Qxc5 Qxc5 30. Rxc5 Rxc5 31. Bxc5 Bd5 32. Bxc4 Bxc4 33. Rd7 Bd5 34.
Bd4 Rb8 35. Rxg7+ Kf8 36. Rxh7 Rb1+ 37. Kf2 Rb2+ 38. Ke3 Rxg2 39. Be5 a5 40. h4
Rh2 41. h5 Kg8 42. Rh8+ Kf7 43. Kd4 Bf3 44. Rh7+ Kg8 45. Ra7 Bxh5 46. Rxa5 Rd2+
47. Ke3 Re2+ 48. Kd4 Rd2+ 49. Kc4 Bf3 50. Bd4 Rb2 51. Kc5 Kf7 52. Kd6 Re2 53.
Ra7+ Kg6 54. a4 Bd5 55. a5 Ra2 56. Kc5 Kh5 57. a6 Kg4 58. Be5 Kf3 59. Bd6 Rc2
60. Kd4 Rd2+ 61. Kc5 Rc2 62. Be5 Ra2 63. c4 Rc2 64. Rc7 Rxc4+ 65. Kb5 Re4 66.
Rc3+ Kg4 67. a7 Re2 68. Ra3 Ba8 69. Kb6 Rc2 70. Ra1 Kf3 71. Ra3+ Kg4 72. Ra5 Kf3
73. Rc5 Ra2 74. Rc8 Bd5 75. Rc5 Ba8 76. Rc4 Kg4 77. Rc3 Rb2+ 78. Kc5 Ra2 79. Bb8
Bd5 80. Rd3 Be4 81. Rd4 Ba8 82. Rb4 Bd5 83. Kb6 Rc2 84. Be5 Ra2 85. Rb5 Ba8 86.
Ra5 Rc2 87. Rc5 Ra2 88. Rc8 Bd5 89. Rg8+ Kf3 90. Rg7 Ra3 91. Bd6 Ra2 92. Bb8
Rb2+ 93. Kc5 Ra2 94. Rd7 Rc2+ 95. Kd6 Ra2 96. Ke7 Ke4 97. Be5 Ra3 98. Kd8 Bc6
99. Rc7 Bd5 100. Kc8 Rb3 101. Rc4+ Kf3 102. Ra4 Ba8 103. Ra6 Rb7 104. Bc7 Kg4
105. Kd7 Kf3 106. Ra1 Kg3 107. Ra3+ Kg4 108. Kc8 Rb1 109. Bd6 Rb7 110. Ra4 Kf3
111. Bc5 Rb5 112. Bd6 Rb7 113. Ra6 Rg7 114. Bb8 Rg8+ 115. Kd7 Rg7+ 116. Ke8 Rg8+
117. Kf7 1/2-1/2

[Event "TCh-ISR 2018"]
[Site "Israel ISR"]
[Date "2018.01.05"]
[Round "1.2"]
[Board "4"]
[White "Parkhov, Yair"]
[Black "Kobo, Ori"]
[Result "1/2-1/2"]
[WhiteTitle "FM"]
[BlackTitle "GM"]
[WhiteElo "2372"]
[BlackElo "2477"]
[WhiteTeam "Tsafrir Rehovot"]
[BlackTeam "Rishon Letzion Feldklein"]
[WhiteFideId "2813408"]
[BlackFideId "2812320"]
[EventDate "2018.01.05"]

1. Nf3 g6 2. g3 Bg7 3. Bg2 Nf6 4. c4 O-O 5. O-O c5 6. Nc3 Nc6 7. d4 d6 8. dxc5
dxc5 9. Be3 Qa5 10. Nd2 Ng4 11. Nb3 Nxe3 12. Nxa5 Nxd1 13. Nxc6 bxc6 14. Raxd1
Be6 15. Rc1 Bxc4 16. b3 Be6 17. Bxc6 Rac8 18. Bd5 Bg4 19. Bc4 Rfd8 20. Rfd1
Rxd1+ 21. Nxd1 Rd8 22. Bd3 Bd4 23. Nc3 Bd7 24. Be4 a5 25. Nd5 e6 26. Nb6 Bb5 27.
e3 Bb2 28. Rxc5 Rd1+ 29. Kg2 Bf1+ 30. Kf3 f5 31. Bc6 e5 32. Rd5 g5 33. g4 Rc1
34. Rd8+ Kg7 35. Rd7+ Kf8 36. Rd8+ Ke7 37. Rd7+ Kf8 38. Rd8+ Kg7 39. Rd7+ Kf8
40. Rd8+ Ke7 41. Rd7+ Kf8 1/2-1/2

[Event "TCh-ISR 2018"]
[Site "Israel ISR"]
[Date "2018.01.05"]
[Round "1.2"]
[Board "5"]
[White "Bronstein, Or"]
[Black "Galburd, Yan"]
[Result "1-0"]
[WhiteTitle "FM"]
[WhiteElo "2337"]
[BlackElo "2344"]
[WhiteTeam "Rishon Letzion Feldklein"]
[BlackTeam "Tsafrir Rehovot"]
[WhiteFideId "2815770"]
[BlackFideId "2808528"]
[EventDate "2018.01.05"]

1. d4 Nf6 2. c4 g6 3. Nc3 Bg7 4. e4 O-O 5. Nf3 d6 6. Be2 Nbd7 7. O-O e5 8. Re1
h6 9. Bf1 Nh7 10. g3 Ng5 11. d5 Nxf3+ 12. Qxf3 f5 13. Qe2 f4 14. Bh3 a5 15. b3
Nf6 16. Bxc8 Qxc8 17. f3 Nh7 18. Rf1 h5 19. Qg2 Qd7 20. Kh1 Rf6 21. gxf4 exf4
22. Bb2 g5 23. Ne2 Rg6 24. Bxg7 Qxg7 25. Rad1 Qe5 26. Nc1 Rf8 27. Nd3 Qg7 28.
Qb2 Qxb2 29. Nxb2 Nf6 30. c5 dxc5 31. Nc4 g4 32. e5 Nd7 33. fxg4 hxg4 34. e6 Nb6
35. Nxb6 cxb6 36. e7 Ra8 37. d6 Kf7 38. Rxf4+ Ke6 39. d7 Kxe7 40. Re4+ Re6 41.
Rxe6+ Kxe6 42. d8=Q Rxd8 43. Rxd8 b5 44. Kg2 c4 45. bxc4 bxc4 46. a4 Ke5 47. Kf2
Ke4 48. Ke2 c3 49. Kd1 Kf3 50. Kc2 Kg2 51. Rh8 1-0

[Event "TCh-ISR 2018"]
[Site "Israel ISR"]
[Date "2018.01.05"]
[Round "1.2"]
[Board "6"]
[White "Veinberg, Nimrod"]
[Black "Liss, Eran"]
[Result "0-1"]
[WhiteTitle "FM"]
[BlackTitle "GM"]
[WhiteElo "2370"]
[BlackElo "2437"]
[WhiteTeam "Tsafrir Rehovot"]
[BlackTeam "Rishon Letzion Feldklein"]
[WhiteFideId "2810280"]
[BlackFideId "2800721"]
[EventDate "2018.01.05"]

1. d4 Nf6 2. c4 e6 3. g3 Bb4+ 4. Bd2 Qe7 5. Nc3 Nc6 6. Nf3 Bxc3 7. Bxc3 Ne4 8.
Rc1 f5 9. Bg2 d6 10. d5 Nd8 11. dxe6 Nxe6 12. O-O O-O 13. Nd4 N6g5 14. Nf3 Be6
15. Nxg5 Qxg5 16. Qd4 Qg6 17. Be1 a5 18. f3 Nc5 19. Bc3 b6 20. e4 fxe4 21. fxe4
Nd7 22. e5 dxe5 23. Qe3 Rae8 24. Rxf8+ Kxf8 25. Bxe5 Bf7 26. Qa3+ c5 27. Bf4 Ne5
28. Bxe5 Rxe5 29. Qc3 Qg5 30. Rf1 Ke7 31. Qc2 Qe3+ 32. Kh1 Bg6 33. Qd1 Qe2 34.
Bf3 Qxb2 35. Qa4 Bd3 36. Rd1 Qf2 37. Qc6 Re1+ 0-1

[Event "TCh-ISR 2018"]
[Site "Israel ISR"]
[Date "2018.01.05"]
[Round "1.3"]
[Board "1"]
[White "Sivan, Yaacov"]
[Black "Nabaty, Tamir"]
[Result "0-1"]
[WhiteTitle "IM"]
[BlackTitle "GM"]
[WhiteElo "2339"]
[BlackElo "2658"]
[WhiteTeam "HaOmerim Kiryat Ono"]
[BlackTeam "HaPoel Kfar Saba"]
[WhiteFideId "2800730"]
[BlackFideId "2809052"]
[EventDate "2018.01.05"]

1. e4 c5 2. Nf3 e6 3. d4 cxd4 4. Nxd4 Bb4+ 5. c3 Bc5 6. Nd2 Nc6 7. b4 Bxd4 8.
cxd4 d5 9. e5 Nxd4 10. Bb2 Qb6 11. b5 Bd7 12. a4 Nf5 13. Bd3 Nge7 14. a5 Qd8 15.
Nb3 O-O 16. h4 a6 17. g4 Nh6 18. b6 Rc8 19. Ba3 Re8 20. h5 d4 21. Bd6 Nd5 22.
Nc5 Bc6 23. Rg1 Qh4 24. g5 Qh2 25. Rg3 Nf5 26. Bxf5 exf5 27. Qxd4 f4 28. Rga3
Qxh5 29. Ne4 Bb5 30. R3a2 Qh3 0-1

[Event "TCh-ISR 2018"]
[Site "Israel ISR"]
[Date "2018.01.05"]
[Round "1.3"]
[Board "4"]
[White "Givon, Asaf"]
[Black "Tifferet, Shaked"]
[Result "1-0"]
[WhiteTitle "IM"]
[BlackTitle "FM"]
[WhiteElo "2470"]
[BlackElo "2294"]
[WhiteTeam "HaPoel Kfar Saba"]
[BlackTeam "HaOmerim Kiryat Ono"]
[WhiteFideId "2801841"]
[BlackFideId "2811529"]
[EventDate "2018.01.05"]

1. e4 e5 2. Nf3 Nc6 3. Bc4 Bc5 4. O-O Nf6 5. d3 d6 6. c3 O-O 7. h3 h6 8. Re1 a6
9. Bb3 Ba7 10. Nbd2 Ne7 11. Nf1 Ng6 12. Ng3 Re8 13. d4 c6 14. Bc2 Qc7 15. Be3
Be6 16. Qc1 Rad8 17. Nf5 Bxf5 18. exf5 exd4 19. Bxh6 Rxe1+ 20. Nxe1 gxh6 21.
Qxh6 Ne5 22. Qxf6 Qb6 23. cxd4 Re8 24. Qg5+ Kf8 25. Qh6+ Ke7 26. Qh4+ Kd7 27.
dxe5 Rxe5 28. Nd3 Re2 29. Bb3 1-0

[Event "TCh-ISR 2018"]
[Site "Israel ISR"]
[Date "2018.01.05"]
[Round "1.3"]
[Board "5"]
[White "Poleg, Dan"]
[Black "Finkel, Alexander"]
[Result "1-0"]
[WhiteTitle "FM"]
[BlackTitle "GM"]
[WhiteElo "2255"]
[BlackElo "2489"]
[WhiteTeam "HaOmerim Kiryat Ono"]
[BlackTeam "HaPoel Kfar Saba"]
[WhiteFideId "2812398"]
[BlackFideId "2801957"]
[EventDate "2018.01.05"]

1. e4 g6 2. d4 Bg7 3. c4 c6 4. Nc3 d5 5. Nf3 dxe4 6. Nxe4 Bg4 7. Be3 Nh6 8. Ng3
Bxf3 9. Qxf3 Qa5+ 10. Bd2 Qb6 11. Qb3 O-O 12. c5 Qxb3 13. axb3 Rd8 14. Be3 Ng4
15. h3 Nxe3 16. fxe3 e5 17. Bc4 exd4 18. Rf1 Nd7 19. Rxf7 Kh8 20. Ne4 a5 21. Ng5
Nxc5 22. Rxb7 Rf8 23. Nf7+ Kg8 24. Rc7 a4 25. bxa4 Nxa4 26. b3 Nb6 27. Nd8+ Nxc4
28. Rxa8 Be5 29. Rxc6 Bg3+ 30. Kd1 Rf1+ 31. Ke2 Rf2+ 32. Kd3 Ne5+ 33. Kxd4 Nxc6+
34. Nxc6+ Kf7 35. Ra7+ Ke6 36. Nd8+ Kd6 37. Nf7+ Kc6 38. Ne5+ Bxe5+ 39. Kxe5
Rxg2 40. Rxh7 Rg5+ 41. Kd4 Rd5+ 42. Ke4 Rb5 43. Rh6 Rb4+ 44. Ke5 Rb5+ 45. Kf4
Rxb3 46. Rxg6+ Kd7 47. h4 Ke7 48. e4 Rb1 49. h5 Kf7 50. Ra6 Rb5 51. e5 Rb1 52.
Rf6+ Ke7 53. Kf5 Rf1+ 54. Kg6 Rg1+ 55. Kh6 Rg2 56. Rg6 Rh2 57. Rg5 Kf7 58. Rf5+
Ke6 59. Kg6 Rh1 60. Rg5 Ra1 61. h6 Kd5 1-0

[Event "TCh-ISR 2018"]
[Site "Israel ISR"]
[Date "2018.01.05"]
[Round "1.4"]
[Board "1"]
[White "Zilberman, Yaacov"]
[Black "Rodshtein, Maxim"]
[Result "0-1"]
[WhiteTitle "GM"]
[BlackTitle "GM"]
[WhiteElo "2367"]
[BlackElo "2693"]
[WhiteTeam "HaPoel Kfar Saba Bet"]
[BlackTeam "Beer-Sheva"]
[WhiteFideId "2801612"]
[BlackFideId "2806851"]
[EventDate "2018.01.05"]

1. Nf3 c5 2. c4 Nc6 3. Nc3 g6 4. g3 Bg7 5. Bg2 d6 6. O-O e6 7. d3 Nge7 8. Bd2
O-O 9. a3 b6 10. Rb1 Bb7 11. b4 Qd7 12. e3 Rad8 13. Qe2 h6 14. Rfd1 g5 15. b5
Ne5 16. Nxe5 dxe5 17. Bxb7 Qxb7 18. e4 f5 19. Be1 g4 20. a4 Rd4 21. a5 Rfd8 22.
axb6 axb6 23. Rb2 Nc8 24. exf5 exf5 25. Nd5 e4 26. Rbd2 Re8 27. Qf1 Nd6 28. Ne3
Qf7 29. Rc2 f4 30. gxf4 Qxf4 31. Bc3 exd3 32. Ng2 dxc2 33. Rxd4 Qf3 34. Rxd6
Qxc3 0-1

[Event "TCh-ISR 2018"]
[Site "Israel ISR"]
[Date "2018.01.05"]
[Round "1.4"]
[Board "2"]
[White "Roiz, Michael"]
[Black "Shachar, Ehud"]
[Result "1-0"]
[WhiteTitle "GM"]
[BlackTitle "IM"]
[WhiteElo "2614"]
[BlackElo "2401"]
[WhiteTeam "Beer-Sheva"]
[BlackTeam "HaPoel Kfar Saba Bet"]
[WhiteFideId "2804158"]
[BlackFideId "2802198"]
[EventDate "2018.01.05"]

1. Nf3 e6 2. g3 f5 3. Bg2 Nf6 4. O-O Be7 5. c4 O-O 6. Nc3 d5 7. cxd5 exd5 8. d3
Nc6 9. e3 Kh8 10. Re1 Bd6 11. Nb5 Bb4 12. Bd2 Be7 13. Bc3 a6 14. Nbd4 Nxd4 15.
Bxd4 c5 16. Be5 b5 17. Rc1 Bb7 18. b3 Nd7 19. Bb2 Bf6 20. Qd2 Rc8 21. h4 h6 22.
a4 bxa4 23. Bxf6 Rxf6 24. bxa4 Bc6 25. Ra1 Rb8 26. Rec1 Qc7 27. a5 Rb5 28. Rcb1
Qd6 29. Qc3 d4 30. exd4 Bxf3 31. Bxf3 cxd4 32. Qc8+ Rf8 33. Qc6 Rxb1+ 34. Rxb1
Qxc6 35. Bxc6 Nc5 36. Bg2 Rd8 37. Rb6 Rd7 38. Kf1 Re7 39. Bf3 Kh7 40. Rd6 Nxd3
41. Rxd4 Ne5 42. Be2 Nc6 43. Rd6 Nxa5 44. Bh5 Nb7 45. Bg6+ Kg8 46. Rxa6 Rd7 47.
Bxf5 Rd6 48. Ra7 Nd8 49. h5 Kf8 50. Bg6 Rd5 51. f4 Rd6 52. Kf2 Rd2+ 53. Kf3 Rd6
54. Ke4 Rd2 55. Rc7 Re2+ 56. Kf5 Re7 57. Rc8 Rd7 58. Ke5 Ke7 59. Kf5 Ra7 60. Kg4
Rb7 61. Be4 Ra7 62. Bd5 Rd7 63. Bc4 Kf6 64. Ra8 Rd4 65. Bg8 Rd7 66. Ba2 Ke7 67.
Kf5 Rd6 68. Ke4 Rd7 69. Bd5 Rc7 70. Ra6 Nf7 71. Kf5 Nd6+ 72. Kg6 Rc3 73. g4 Rd3
74. Ra7+ Kf8 75. Be6 Re3 76. Ra8+ Ke7 77. f5 Rg3 78. Ra7+ Kf8 79. Kh7 Ne4 80.
Rf7+ Ke8 81. Kxg7 Rxg4+ 82. Kxh6 Rg1 83. Rg7 Rh1 84. Bf7+ Kf8 85. Bd5 Rh4 86.
Rg6 Nf2 87. f6 1-0

[Event "TCh-ISR 2018"]
[Site "Israel ISR"]
[Date "2018.01.05"]
[Round "1.4"]
[Board "3"]
[White "Erenberg, Ariel"]
[Black "Kryvoruchko, Yuriy"]
[Result "0-1"]
[WhiteTitle "IM"]
[BlackTitle "GM"]
[WhiteElo "2382"]
[BlackElo "2694"]
[WhiteTeam "HaPoel Kfar Saba Bet"]
[BlackTeam "Beer-Sheva"]
[WhiteFideId "2811634"]
[BlackFideId "14109182"]
[EventDate "2018.01.05"]

1. d4 Nf6 2. c4 e6 3. Nf3 d5 4. Nc3 Be7 5. Bg5 h6 6. Bh4 O-O 7. e3 b6 8. cxd5
exd5 9. Qc2 Bb7 10. Bd3 Nbd7 11. O-O c5 12. Ne5 a6 13. Bf5 Re8 14. Rad1 c4 15.
a4 Nf8 16. f4 N6d7 17. Bg3 Bb4 18. e4 Bxc3 19. bxc3 Nf6 20. Bh4 dxe4 21. Nxc4
Qc7 22. Ne3 Nd5 23. Nxd5 Bxd5 24. Rde1 Qc6 25. Bg4 b5 26. Be2 Nd7 27. f5 Rac8
28. axb5 axb5 29. Rb1 Bc4 30. Bxc4 bxc4 31. Rbe1 e3 32. Rf3 Re4 33. Bg3 Rce8 34.
Bf4 e2 35. Rf2 Qd5 36. Rfxe2 Rxe2 37. Rxe2 Rxe2 38. Qxe2 Qxf5 39. Bc7 Qd5 40.
Bd8 Nf8 41. Bh4 Ne6 42. Bg3 Ng5 43. h3 Ne4 44. Qe3 Qb7 45. Qe1 Nf6 46. Be5 Nd5
47. Kh2 Qc8 48. Bg3 Qf5 49. Qe2 Kh7 50. Be1 Qd3 51. Qh5 f5 52. Bg3 Qe4 53. Be5
Ne3 54. Qf3 Qxf3 55. gxf3 Nd5 56. Kg3 Nxc3 57. Kf2 Nd5 58. Ke2 g5 59. Kd2 Kg6
60. Bd6 h5 61. Ke2 Kf6 62. Kd2 Ke6 63. Be5 g4 64. fxg4 hxg4 65. hxg4 fxg4 66.
Ke2 Kf5 67. Kf2 c3 68. Bd6 Ke4 69. Kg3 Ne3 70. Ba3 Kxd4 71. Kf4 Kd3 72. Bc1 c2
73. Bxe3 g3 74. Kf3 g2 75. Kf2 g1=Q+ 76. Kxg1 Kxe3 0-1

[Event "TCh-ISR 2018"]
[Site "Israel ISR"]
[Date "2018.01.05"]
[Round "1.4"]
[Board "4"]
[White "Postny, Evgeny"]
[Black "Aharon, Ofir"]
[Result "1-0"]
[WhiteTitle "GM"]
[BlackTitle "FM"]
[WhiteElo "2574"]
[BlackElo "2288"]
[WhiteTeam "Beer-Sheva"]
[BlackTeam "HaPoel Kfar Saba Bet"]
[WhiteFideId "2804344"]
[BlackFideId "2800683"]
[EventDate "2018.01.05"]

1. d4 Nf6 2. c4 g6 3. Nf3 Bg7 4. e3 O-O 5. Be2 d6 6. Nc3 Nbd7 7. O-O e5 8. Qc2
Re8 9. Rd1 Qe7 10. h3 e4 11. Nd2 Nf8 12. b4 c6 13. Bb2 h5 14. d5 Bf5 15. Nb3
Rac8 16. dxc6 bxc6 17. c5 dxc5 18. Nxc5 N8d7 19. Nxd7 Nxd7 20. a3 Qg5 21. Kh1
Ne5 22. Bf1 Nd3 23. Bxd3 exd3 24. Qd2 Qh4 25. Kh2 Be5+ 26. f4 Bc7 27. Rf1 g5 28.
e4 gxf4 29. exf5 f3+ 30. Kg1 Bb6+ 31. Kh1 Be3 32. Qe1 fxg2+ 33. Kxg2 Qd4 34.
Qg3+ Kh7 35. Qf3 Rg8+ 36. Kh1 Qh4 37. Ne4 Bg5 38. Nxg5+ Rxg5 39. Bf6 Rcg8 40.
Bxg5 1-0

[Event "TCh-ISR 2018"]
[Site "Israel ISR"]
[Date "2018.01.05"]
[Round "1.4"]
[Board "5"]
[White "Gershon, Alik"]
[Black "Greenfeld, Alon"]
[Result "1-0"]
[WhiteTitle "GM"]
[BlackTitle "GM"]
[WhiteElo "2444"]
[BlackElo "2521"]
[WhiteTeam "HaPoel Kfar Saba Bet"]
[BlackTeam "Beer-Sheva"]
[WhiteFideId "2802430"]
[BlackFideId "2800039"]
[EventDate "2018.01.05"]

1. c4 Nf6 2. Nc3 c5 3. g3 e6 4. Nf3 Nc6 5. Bg2 d5 6. cxd5 Nxd5 7. O-O Be7 8. b3
O-O 9. Bb2 Bf6 10. Qc1 b6 11. Nxd5 exd5 12. d4 Ba6 13. Re1 Re8 14. dxc5 Bxb2 15.
Qxb2 bxc5 16. Rac1 Qa5 17. Ng5 Nb4 18. Qd2 Rad8 19. a3 Qxa3 20. Rxc5 Re7 21.
Bxd5 Rf8 22. Bxf7+ Rexf7 23. Nxf7 Rxf7 24. Qc3 Na2 25. Qe3 Qb4 26. Ra1 Bb7 27.
f3 a5 28. Rc4 Qd6 29. Rxa2 1-0

[Event "TCh-ISR 2018"]
[Site "Israel ISR"]
[Date "2018.01.05"]
[Round "1.5"]
[Board "1"]
[White "Zoler, Dan"]
[Black "Stupak, Kirill"]
[Result "1/2-1/2"]
[WhiteTitle "GM"]
[BlackTitle "GM"]
[WhiteElo "2506"]
[BlackElo "2565"]
[WhiteTeam "Herzliya Chess Club"]
[BlackTeam "Haifa Chess Club-Nesher"]
[WhiteFideId "2800705"]
[BlackFideId "13503758"]
[EventDate "2018.01.05"]

1. d4 Nf6 2. c4 b6 3. Nf3 Bb7 4. g3 g6 5. Bg2 Bg7 6. O-O O-O 7. Nc3 Ne4 8. Nxe4
Bxe4 9. Be3 d6 10. Qd2 c5 11. Bh6 Nd7 12. Bxg7 Kxg7 13. Rfd1 Nf6 14. Rac1 Qd7
15. Ne1 Bxg2 16. Nxg2 Rfc8 17. b3 cxd4 18. Qxd4 Rc5 19. f3 Rac8 20. e4 b5 21.
Ne3 Kg8 22. Rc2 bxc4 23. Rxc4 Rxc4 24. Nxc4 Qc7 25. Rd2 Nd7 26. Kg2 Qb7 27. e5
Nxe5 28. Nxe5 dxe5 29. Qxe5 h5 30. h4 Kh7 31. Re2 Rc7 32. Rd2 Qc8 33. Qe4 Kg8
34. Qd4 Kh7 35. Qe4 f6 36. Qb4 Kg7 37. Qe4 Qa6 38. Rc2 Rd7 39. Qe2 Qd6 40. Qe3
Qd5 41. Re2 e5 42. Rc2 Qa5 43. Qe4 Qd8 44. Qb4 Kh6 45. Qe1 Kh7 46. Qc3 Kg7 47.
Qb4 a5 48. Qc5 Qa8 49. Qb5 Qd8 50. Kh3 Rd5 51. Qb7+ Rd7 52. Qb5 Rd5 53. Qb7+ Rd7
54. Qb5 Rd5 55. Qb7+ Rd7 1/2-1/2